Pakistan Studies: (Record no. 613075)
[ view plain ]
| 000 -LEADER | |
|---|---|
| fixed length control field | 00409nam a22001337a 4500 |
| 082 ## - DEWEY DECIMAL CLASSIFICATION NUMBER | |
| Classification number | 340.95491 |
| Author Mark | KHA |
| 100 ## - MAIN ENTRY--PERSONAL NAME | |
| Personal name | Khan, Ch. Imtiaz Ahmad |
| 245 ## - TITLE STATEMENT | |
| Title | Pakistan Studies: |
| Remainder of title | LL.B. (5 Years Program) As per HEC Syllabus / |
| Statement of responsibility, etc. | Ch. Imtiaz Ahmad Khan |
| 260 ## - PUBLICATION, DISTRIBUTION, ETC. | |
| Place of publication, distribution, etc. | Lahore : |
| Name of publisher, distributor, etc. | Mansoor Law Book House, |
| Date of publication, distribution, etc. | 2024. |
| 300 ## - PHYSICAL DESCRIPTION | |
| Extent | 456 p. |
| 563 ## - BINDING INFORMATION | |
| Binding note | HB. |
| 650 ## - SUBJECT ADDED ENTRY--TOPICAL TERM | |
| Topical term or geographic name entry element | Law, Pakistan Studies |
| 942 ## - ADDED ENTRY ELEMENTS (KOHA) | |
| Source of classification or shelving scheme | |
| Koha item type | Book |
| 650 ## - SUBJECT ADDED ENTRY--TOPICAL TERM | |
| -- | 128051 |
| Withdrawn status | Lost status | Source of classification or shelving scheme | Damaged status | Not for loan | Permanent Location | Current Location | Date acquired | Total Checkouts | Full call number | Barcode | Date last seen | Price effective from | Koha item type |
|---|---|---|---|---|---|---|---|---|---|---|---|---|---|
| NUST Law School (NLS) | NUST Law School (NLS) | 03/03/2025 | 340.95491 KHA | NLS-283 | 03/03/2025 | 03/03/2025 | Book | ||||||
| NUST Law School (NLS) | NUST Law School (NLS) | 03/03/2025 | 340.95491 KHA | NLS-284 | 03/03/2025 | 03/03/2025 | Book | ||||||
| NUST Law School (NLS) | NUST Law School (NLS) | 03/03/2025 | 340.95491 KHA | NLS-285 | 03/03/2025 | 03/03/2025 | Book | ||||||
| NUST Law School (NLS) | NUST Law School (NLS) | 03/03/2025 | 340.95491 KHA | NLS-286 | 03/03/2025 | 03/03/2025 | Book |
